Ingles sin Barreras : Diccionario Webster, Tomo II

Bibliographic Details
Main Author: Velasquez de la Cadena, Mariano
Format: Section = Libro
Language:Undetermined
Spanish
Published: Estados Unidos [s.e.] 1999
Subjects:
LEADER 00616nam a2200229Ia 4500
008 240830s9999 xx 000 0 und d
020 |a 0-8329-0265-9 
040 |a B-ESTELÍ- RUACS / Ref 032 V434 
041 |a spa 
082 |a Ref 032 V434 
100 1 |a Velasquez de la Cadena, Mariano 
245 1 0 |a Ingles sin Barreras : Diccionario Webster, Tomo II 
260 |a Estados Unidos  |b [s.e.]  |c 1999 
300 |a 923 p. 
650 7 |a VOCABULARIOS 
650 7 |b  TERMINOS GEOGRAFICOS 
650 7 |c  NOMBRES 
650 7 |d  PESO Y MASA 
650 7 |e  UNIDADES MONETARIAS 
942 |c BK  |2 ddc 
991 |a TEXTO 
999 |c 11711